| 000 | 00387pab a2200157 454500 | ||
|---|---|---|---|
| 008 | 180718b1988 xxu||||| |||| 00| 0 eng d | ||
| 100 | _aWhiteley, Paul | ||
| 245 | _aThe poverty lobby in British politics | ||
| 260 | _c1988 | ||
| 300 | _a195-208 | ||
| 362 | _aApr. | ||
| 650 | _aPressure Groups - U.K. | ||
| 700 | _aSteve Winyard | ||
| 773 | _aParliamentary Affairs | ||
| 909 | _a16073 | ||
| 999 |
_c16073 _d16073 |
||